Datum a čas kvízu
32.5
Celkem bodů
Celkový počet nahraných bodů na tomto kvízu bez doplňovacích otázek.
9.
Pořadí na kvízu
Konečné umístění týmu na tomto kvízu.
Zaznamenané odpovědi
| # | Otázka | Odpověď | Body | Výsledky |
|---|---|---|---|---|
| 1. | Která sedmipodlažní budova obc... | Kotva | 1 | |
| 2. | Na poslední chvíli se přihlási... | Igor Matovič | 0 | |
| 3. | Která poměrně mladá zpěvačka z... | Billie Eilish | 0 | |
| 4. | Minulý týden byl spuštěn elekt... | DiPSy | 1 | |
| 5. | Ve čtvrtek byl potvrzen přestu... | Lewis Hamilton, Ferrari | 1 | |
| 6. | Ve třetím díle cestovatelského... | z Janských Lázní | 1 | |
| 7. | Přejdeme k písmenu K. Který z... | B | 1 | |
| 8. | Kdepak Paříž. Ve kterém městě... | v Las Vegas | 0 | |
| 9. | S písmenem M se vracíme do Čes... | v Mníšku pod Brdy | 1 | |
| 10. | Ve kterém století byl vybudová... | v 19. století | 1 |